Largest European Cities Beggining with the letter F - Map Quiz - Statistics

General Stats
  • This quiz has been taken 59 times
  • The average score is 5 of 20
Answers on the Map
Answers color-coded by a green-red scale on the quiz's map according to % correct below.
 
Answer Stats
Population Country City % Correct
764104 Germany Frankfurt am Mein
96%
57015 Germany Frankfurt (Oder)
96%
362742 Italy Florence
91%
236140 Germany Freiburg im Breisgau
58%
60995 Portugal Faro
43%
147036 Italy Foggia
26%
90164 Germany Flensburg
21%
84444 Norway Fredrikstad
15%
194000 Spain Fuenlabrada
13%
57486 United Kingdom Farnborough
11%
75396 Spain Fuengirola
11%
131433 Germany Furth
11%
104664 Denmark Frederiksberg
9%
67253 Germany Fulda
9%
55845 Albania Fier
8%
56714 Czechia Frydek-Mistek
8%
57082 France Frejus
6%
65052 Romania Focsani
4%
58065 Portugal Felgueiras
2%
58962 Portugal Figueira da Foz
2%
No matching quizzes found
Score Distribution
Percent of People with Each Score
Percentile by Number Answered
Your Score History
You have not taken this quiz